[Event "Groningen op 52nd"]
[Site "Groningen"]
[Date "2014.12.22"]
[Round "2"]
[White "Salov, Sergej"]
[Black "Savant, Riya"]
[Result "1-0"]
[WhiteElo "2256"]
[BlackElo "2063"]
[PlyCount "85"]
[EventDate "2014.12.21"]
[EventType "swiss"]
[EventRounds "9"]
[EventCountry "NED"]
[SourceTitle "CBM 164 Extra"]
[Source "ChessBase"]
[SourceDate "2015.03.02"]
[SourceVersion "1"]
[SourceVersionDate "2015.03.02"]
[SourceQuality "1"]

1. e4 c5 2. Nf3 g6 3. d4 cxd4 4. Qxd4 Nf6 5. Bb5 Nc6 6. Qa4 Qa5+ 7. Qxa5 Nxa5 8. Nc3 a6 9. e5 Ng4 10. Nd5 Rb8 11. h3 e6 12. hxg4 exd5 13. Be2 d6 14. Bf4 Bxg4 15. exd6 Rd8 16. d7+ Bxd7 17. Be5 Rg8 18. Bc7 Nc6 19. Bxd8 Nxd8 20. Rxh7 Bg7 21. 0-0-0 Bc6 22. Nd4 Bd7 23. Bf3 Nc6 24. Re1+ Kd8 25. Nb3 Ne7 26. c3 b6 27. Rd1 Be6 28. Nd4 Kd7 29. Nxe6 Kxe6 30. Rhh1 Rc8 31. Rhe1+ Kd6 32. Kb1 Rc5 33. Re3 a5 34. a4 Bf6 35. Red3 Ke6 36. Bg4+ Kd6 37. Rf3 Ng8 38. Rfd3 Ne7 39. Be2 Kc7 40. Rf3 Rc6 41. Bb5 Re6 42. Be8 Rd6 43. Bxf7 1-0

[Event "Wch U14 Girls"]
[Site "Durban"]
[Date "2014.09.23"]
[Round "5"]
[White "Zhao, Shengxin"]
[Black "Savant, Riya"]
[Result "1-0"]
[WhiteElo "1766"]
[BlackElo "1921"]
[PlyCount "73"]
[EventDate "2014.09.20"]
[EventType "swiss"]
[EventRounds "11"]
[EventCountry "RSA"]
[SourceTitle "CBM 162 Extra"]
[Source "ChessBase"]
[SourceDate "2014.10.17"]
[SourceVersion "1"]
[SourceVersionDate "2014.10.17"]
[SourceQuality "1"]

1. d4 d5 2. Nf3 Nf6 3. c4 e6 4. g3 Be7 5. Bg2 0-0 6. 0-0 c6 7. Qc2 b6 8. b3 a5 9. Rd1 Qc7 10. Nc3 Ba6 11. Bf4 Bd6 12. Bxd6 Qxd6 13. e4 Qd8 14. Ne5 Ra7 15. Rac1 b5 16. cxd5 cxd5 17. exd5 exd5 18. Ne2 b4 19. Nf4 Bb7 20. Qc5 Ra6 21. Qb5 Ra7 22. Qc5 Ra6 23. Qc7 Ra7 24. Qxd8 Rxd8 25. Rc7 Na6 26. Rxf7 Re8 27. Nxd5 Rxe5 28. Rxb7 Rxb7 29. dxe5 Ne8 30. Nf6+ gxf6 31. Bxb7 Nc5 32. Bc6 Nc7 33. exf6 Kf7 34. Rd6 N7e6 35. Bd5 Kxf6 36. Bxe6 Nxe6 37. Ra6 1-0

[Event "IND-chB (Women) 41st"]
[Site "Mapusa"]
[Date "2014.09.10"]
[Round "6"]
[White "Harini, S."]
[Black "Savant, Riya"]
[Result "1-0"]
[WhiteElo "2052"]
[BlackElo "1921"]
[PlyCount "59"]
[EventDate "2014.09.07"]
[EventType "swiss"]
[EventRounds "11"]
[EventCountry "IND"]
[SourceTitle "CBM 162 Extra"]
[Source "ChessBase"]
[SourceDate "2014.10.17"]
[SourceVersion "1"]
[SourceVersionDate "2014.10.17"]
[SourceQuality "1"]

1. e4 c5 2. Nf3 g6 3. d4 cxd4 4. Nxd4 Bg7 5. c4 Nc6 6. Be3 Nf6 7. Nc3 0-0 8. Be2 b6 9. 0-0 Bb7 10. f3 Qb8 11. Qd2 Rd8 12. Ndb5 d6 13. Nd5 Ne8 14. Rad1 Rd7 15. f4 e6 16. Ndc3 Ne7 17. Bf3 Qd8 18. Qf2 Bc6 19. f5 exf5 20. exf5 Bxf3 21. fxg6 hxg6 22. Qxf3 Nf5 23. Bg5 f6 24. Qd5+ Kf8 25. g4 Ne7 26. Qe6 Ng8 27. Nd5 Qc8 28. Nf4 Qc5+ 29. Kh1 Qxg5 30. Qxd7 1-0

[Event "IND-ch U15 Girls"]
[Site "Thrissur"]
[Date "2014.08.12"]
[Round "11"]
[White "Chandreyee, Hajra"]
[Black "Savant, Riya"]
[Result "1/2-1/2"]
[WhiteElo "1748"]
[BlackElo "1944"]
[PlyCount "115"]
[EventDate "2014.08.04"]
[EventType "swiss"]
[EventRounds "11"]
[EventCountry "IND"]
[SourceTitle "CBM 162 Extra"]
[Source "ChessBase"]
[SourceDate "2014.10.17"]
[SourceVersion "1"]
[SourceVersionDate "2014.10.17"]
[SourceQuality "1"]

1. e4 c5 2. Nf3 g6 3. c4 Bg7 4. Nc3 Nc6 5. d3 d6 6. Be3 Nd4 7. h3 e6 8. Rc1 Ne7 9. h4 h6 10. Nh2 Nec6 11. h5 g5 12. Ng4 f5 13. exf5 exf5 14. Nh2 f4 15. Bd2 Qe7+ 16. Be2 Nxe2 17. Qxe2 Qxe2+ 18. Kxe2 Bf5 19. Ne4 0-0-0 20. Bc3 Bxc3 21. bxc3 Rhe8 22. f3 d5 23. cxd5 Rxd5 24. Rhe1 c4 25. d4 Bxe4 26. Kf2 Bg6 27. hxg6 Rg8 28. Re6 Kd7 29. Rf6 Nd8 30. Ng4 Rd6 31. Ne5+ Kc7 32. Rxd6 Kxd6 33. Nxc4+ Kd5 34. Ne5 Nc6 35. Rb1 Nxe5 36. dxe5 b6 37. Rd1+ Kxe5 38. Rd7 Rxg6 39. Rxa7 Rc6 40. Ra3 Kd5 41. Ke2 h5 42. Rb3 Kc5 43. Rb4 Re6+ 44. Kd2 b5 45. Rb1 Ra6 46. Rb2 g4 47. fxg4 hxg4 48. Kd3 Re6 49. Rb4 Re3+ 50. Kd2 Rg3 51. Rxf4 Rxg2+ 52. Ke3 g3 53. a4 Rc2 54. axb5 Rxc3+ 55. Ke2 Kxb5 56. Rg4 Kc5 57. Kf1 Kd5 58. Kg2 1/2-1/2

[Event "IND-ch U15 Girls"]
[Site "Thrissur"]
[Date "2014.08.09"]
[Round "8"]
[White "Savant, Riya"]
[Black "Pandey, Srishti"]
[Result "1-0"]
[WhiteElo "1944"]
[BlackElo "1522"]
[PlyCount "97"]
[EventDate "2014.08.04"]
[EventType "swiss"]
[EventRounds "11"]
[EventCountry "IND"]
[SourceTitle "CBM 162 Extra"]
[Source "ChessBase"]
[SourceDate "2014.10.17"]
[SourceVersion "1"]
[SourceVersionDate "2014.10.17"]
[SourceQuality "1"]

1. d4 Nf6 2. g3 d5 3. Nf3 Bf5 4. Bg2 c6 5. Nh4 Bg4 6. h3 Bh5 7. g4 Bg6 8. Nxg6 hxg6 9. Qd3 e6 10. Nc3 Qc7 11. Bd2 Bd6 12. 0-0-0 Nbd7 13. e4 dxe4 14. Nxe4 Nxe4 15. Bxe4 0-0-0 16. Kb1 Nf6 17. Qf3 Qb6 18. Bc3 Nxe4 19. Qxe4 Bb4 20. Bxb4 Qxb4 21. c3 Qd6 22. Qf3 Rd7 23. h4 Qd5 24. Qg3 Qd6 25. f4 a5 26. Qf2 Qd5 27. Rhe1 Qb5 28. Re5 Rd5 29. b3 Qb6 30. c4 Rxe5 31. fxe5 Rf8 32. h5 gxh5 33. gxh5 Qc7 34. Rg1 f6 35. Rg6 Kb8 36. exf6 Rxf6 37. Rxf6 gxf6 38. Qxf6 Qh7+ 39. Qg6 Qd7 40. Qe4 Qf7 41. Qe5+ Kc8 42. Kb2 Qf2+ 43. Ka3 Qf8+ 44. c5 Qh6 45. Qe2 Kd7 46. Ka4 Qc1 47. Qh2 Qe3 48. Qd6+ Ke8 49. Kxa5 1-0

[Event "IND-ch U15 Girls"]
[Site "Thrissur"]
[Date "2014.08.07"]
[Round "5"]
[White "Ananya, Suresh"]
[Black "Savant, Riya"]
[Result "0-1"]
[WhiteElo "1821"]
[BlackElo "1944"]
[PlyCount "98"]
[EventDate "2014.08.04"]
[EventType "swiss"]
[EventRounds "11"]
[EventCountry "IND"]
[SourceTitle "CBM 162 Extra"]
[Source "ChessBase"]
[SourceDate "2014.10.17"]
[SourceVersion "1"]
[SourceVersionDate "2014.10.17"]
[SourceQuality "1"]

1. e4 c5 2. Nf3 g6 3. d4 cxd4 4. Nxd4 Bg7 5. Nc3 Nc6 6. Be3 Nf6 7. Bc4 0-0 8. Bb3 d6 9. 0-0 Ng4 10. Nxc6 bxc6 11. Bd2 Qc7 12. h3 Nf6 13. f4 Nd7 14. Qf3 Ba6 15. Rfe1 Nc5 16. g4 Nxb3 17. axb3 Bb7 18. h4 f5 19. exf5 gxf5 20. g5 e5 21. h5 e4 22. Qg3 d5 23. h6 Bd4+ 24. Kh2 Qf7 25. Qh3 Rad8 26. Na4 Bb6 27. Bb4 Rfe8 28. Bc5 Bc7 29. Qh4 d4 30. Rad1 d3 31. c4 d2 32. Re3 Rd3 33. Nc3 Red8 34. Kg2 Bb6 35. Bxb6 axb6 36. Re2 e3 37. Qh3 c5+ 38. Kh2 Qe6 39. Qg3 Qg6 40. Qh3 R8d4 41. Rxe3 Rxe3 42. Qxe3 Qh5+ 43. Qh3 Qxh3+ 44. Kxh3 Bf3 45. Ra1 Rd3 46. Kh2 Rxc3 47. bxc3 d1Q 48. Rxd1 Bxd1 49. b4 Be2 0-1

[Event "IND-ch U15 Girls"]
[Site "Thrissur"]
[Date "2014.08.04"]
[Round "1"]
[White "Mudaliar, Nandini"]
[Black "Savant, Riya"]
[Result "0-1"]
[WhiteElo "1444"]
[BlackElo "1944"]
[PlyCount "60"]
[EventDate "2014.08.04"]
[EventType "swiss"]
[EventRounds "11"]
[EventCountry "IND"]
[SourceTitle "CBM 162 Extra"]
[Source "ChessBase"]
[SourceDate "2014.10.17"]
[SourceVersion "1"]
[SourceVersionDate "2014.10.17"]
[SourceQuality "1"]

1. d4 d5 2. c4 e6 3. Nc3 Nf6 4. e3 Be7 5. Nf3 0-0 6. Bd3 b6 7. 0-0 Bb7 8. Ne5 c5 9. b3 cxd4 10. exd4 Nc6 11. Bb2 dxc4 12. Nxc6 Bxc6 13. Bxc4 Qd7 14. Qd2 b5 15. Bd3 Rfd8 16. Rfd1 Qb7 17. f3 Bd6 18. Qe2 a6 19. Ne4 Be7 20. Rac1 Nd5 21. Bb1 Qb6 22. Nc5 Bg5 23. Rc2 Ne3 24. Bc1 Nxc2 25. Bxg5 Nxd4 26. Qd3 Nxf3+ 27. Qxf3 Bxf3 28. Rxd8+ Rxd8 29. Bxd8 Qxc5+ 30. Kf1 Qc1+ 0-1

[Event "IND-ch U19 Girls 29th"]
[Site "Mumbai"]
[Date "2014.07.17"]
[Round "10"]
[White "Savant, Riya"]
[Black "Potluri, Supreetha"]
[Result "1/2-1/2"]
[WhiteElo "1999"]
[BlackElo "1733"]
[PlyCount "66"]
[EventDate "2014.07.10"]
[EventType "swiss"]
[EventRounds "11"]
[EventCountry "IND"]
[SourceTitle "EXT 2016"]
[Source "ChessBase"]
[SourceDate "2015.10.08"]
[SourceVersion "1"]
[SourceVersionDate "2015.10.08"]
[SourceQuality "1"]

1. d4 d5 2. Nf3 Nf6 3. g3 c6 4. Bg2 Bg4 5. 0-0 Nbd7 6. Nbd2 e6 7. Re1 Be7 8. e4 dxe4 9. Nxe4 0-0 10. h3 Bh5 11. Nxf6+ Bxf6 12. c3 Re8 13. g4 Bg6 14. Bf4 h6 15. Qe2 Qb6 16. Rad1 Rad8 17. h4 Be7 18. g5 hxg5 19. Nxg5 Nf6 20. Bf3 Nh7 21. Kg2 Qa5 22. b4 Qf5 23. Qe3 Nf6 24. Bc7 Rd7 25. Qf4 Nd5 26. Bxd5 Rxd5 27. Qxf5 Rxf5 28. Re5 Rf4 29. Kg3 Bxg5 30. hxg5 Rf5 31. f4 Rc8 32. Rxf5 Bxf5 33. Be5 Rd8 1/2-1/2

[Event "Commonwealth-ch"]
[Site "Glasgow"]
[Date "2014.07.06"]
[Round "7"]
[White "Savant, Riya"]
[Black "Abdulla, Murad"]
[Result "0-1"]
[WhiteElo "1997"]
[BlackElo "1810"]
[PlyCount "64"]
[EventDate "2014.06.30"]
[EventType "swiss"]
[EventRounds "9"]
[EventCountry "SCO"]
[SourceTitle "CBM 161 Extra"]
[Source "ChessBase"]
[SourceDate "2014.08.29"]
[SourceVersion "1"]
[SourceVersionDate "2014.08.29"]
[SourceQuality "1"]

1. d4 Nf6 2. Nf3 c5 3. c4 cxd4 4. Nxd4 e5 5. Nb5 d5 6. cxd5 Bc5 7. e3 0-0 8. N5c3 e4 9. Bc4 Bf5 10. 0-0 Nbd7 11. h3 Ne5 12. Be2 Qd7 13. Nd2 Rad8 14. Nc4 Qc7 15. d6 Qb8 16. Nd5 Nxc4 17. Nxf6+ gxf6 18. Bxc4 Bxd6 19. Qh5 Bg6 20. Qe2 Be5 21. Rb1 Qc8 22. b3 Qf5 23. Qg4 Qxg4 24. hxg4 f5 25. g5 Kg7 26. Ba3 Rh8 27. Bb4 h6 28. gxh6+ Rxh6 29. Rfd1 Rdh8 30. Kf1 Rh1+ 31. Ke2 Bh5+ 32. f3 Bxf3+ 0-1

[Event "Commonwealth-ch"]
[Site "Glasgow"]
[Date "2014.06.30"]
[Round "1"]
[White "Savant, Riya"]
[Black "Reddy, Ananta"]
[Result "1/2-1/2"]
[WhiteElo "1997"]
[BlackElo "1362"]
[PlyCount "155"]
[EventDate "2014.06.30"]
[EventType "swiss"]
[EventRounds "9"]
[EventCountry "SCO"]
[SourceTitle "CBM 161 Extra"]
[Source "ChessBase"]
[SourceDate "2014.08.29"]
[SourceVersion "1"]
[SourceVersionDate "2014.08.29"]
[SourceQuality "1"]

1. d4 Nf6 2. Nf3 e6 3. g3 b5 4. Bg2 d5 5. 0-0 Nbd7 6. b3 Bb7 7. Nbd2 c5 8. c4 bxc4 9. bxc4 dxc4 10. Nxc4 Bd5 11. Qa4 Rc8 12. Na5 Bd6 13. Ne5 cxd4 14. Nec6 Qb6 15. Ba3 Bxg2 16. Kxg2 Bxa3 17. Rab1 Qa6 18. Rb7 Rxc6 19. Qxc6 Qxc6+ 20. Nxc6 0-0 21. Rxa7 Bc5 22. Ra4 Rc8 23. Ra6 Nb8 24. Ra8 Rxc6 25. Rxb8+ Bf8 26. Rfb1 h6 27. Rd8 Ra6 28. Rbb8 Nh7 29. Rxd4 Rxa2 30. e3 Nf6 31. Rdd8 Nh7 32. h4 Ra7 33. h5 Ra5 34. g4 Ra4 35. f4 e5 36. Kf3 e4+ 37. Ke2 Ra2+ 38. Kf1 Rh2 39. Re8 Rh4 40. Rxe4 Rxg4 41. Re5 Rh4 42. Rd5 Nf6 43. Rdd8 Nh7 44. Rd5 Rg4 45. Kf2 g6 46. Kf3 gxh5 47. Rxh5 Rg6 48. e4 Nf6 49. Rf5 Nh7 50. Rb7 Rf6 51. Rxf6 Nxf6 52. e5 Nd5 53. Ke4 Ne7 54. f5 Nc6 55. Rc7 Ne7 56. Rc4 Kh7 57. Rc3 Kg8 58. Rc7 h5 59. Rc4 Kh7 60. f6 Ng6 61. Kf5 Kh6 62. Rc7 Nh4+ 63. Ke4 Kg6 64. Rc8 Bh6 65. Rh8 Nf5 66. Rg8+ Kh7 67. Rg1 Nh4 68. Rh1 Bg5 69. Rg1 Kg6 70. e6 Nf5 71. Ke5 fxe6 72. f7 Kxf7 73. Rxg5 Ng7 74. Rg2 Nf5 75. Rg1 h4 76. Rh1 Kg6 77. Kxe6 Kg5 78. Rxh4 1/2-1/2

[Event "Kuala Lumpur op"]
[Site "Kuala Lumpur"]
[Date "2014.04.05"]
[Round "3"]
[White "Citra, Dewi Ardhiani Anast"]
[Black "Savant, Riya"]
[Result "1/2-1/2"]
[WhiteElo "2154"]
[BlackElo "1938"]
[PlyCount "101"]
[EventDate "2014.04.04"]
[EventType "swiss"]
[EventRounds "9"]
[EventCountry "MAS"]
[SourceTitle "EXT 2015"]
[Source "ChessBase"]
[SourceDate "2014.11.20"]
[SourceVersion "1"]
[SourceVersionDate "2014.11.20"]
[SourceQuality "1"]

1. e4 c5 2. Nf3 g6 3. d4 cxd4 4. Nxd4 Bg7 5. c4 Nc6 6. Be3 Nf6 7. Nc3 0-0 8. Be2 b6 9. 0-0 Bb7 10. f3 e6 11. Qd2 d5 12. Nxc6 Bxc6 13. cxd5 exd5 14. e5 Ne8 15. f4 f6 16. Bd4 Nc7 17. exf6 Bxf6 18. Rad1 Bxd4+ 19. Qxd4 Qf6 20. g3 Rad8 21. Bf3 Qxd4+ 22. Rxd4 Rd7 23. Re1 Kf7 24. Re5 Re8 25. Rxe8 Kxe8 26. Bg4 Re7 27. Kf2 Kf7 28. Rd1 Kf6 29. Bf3 Rd7 30. g4 h5 31. gxh5 gxh5 32. h4 Kf5 33. Ne2 Ne6 34. Ng3+ Kxf4 35. Nxh5+ Ke5 36. Re1+ Kd6 37. Rxe6+ Kxe6 38. Bg4+ Ke5 39. Bxd7 Bxd7 40. Ng3 Kf4 41. Ne2+ Kg4 42. Ke3 Kxh4 43. Kf4 Kh5 44. Ke5 Kg4 45. Nc3 Kf3 46. Kd4 Bc6 47. b4 Kf4 48. b5 Bb7 49. Nxd5+ Kf5 50. Nc7 Kf6 51. a3 1/2-1/2

[Event "Kuala Lumpur op"]
[Site "Kuala Lumpur"]
[Date "2014.04.05"]
[Round "2"]
[White "Savant, Riya"]
[Black "Ly, Moulthun"]
[Result "0-1"]
[WhiteElo "1938"]
[BlackElo "2440"]
[PlyCount "80"]
[EventDate "2014.04.04"]
[EventType "swiss"]
[EventRounds "9"]
[EventCountry "MAS"]
[SourceTitle "EXT 2015"]
[Source "ChessBase"]
[SourceDate "2014.11.20"]
[SourceVersion "1"]
[SourceVersionDate "2014.11.20"]
[SourceQuality "1"]

1. d4 Nf6 2. Nf3 d5 3. g3 Bf5 4. Bg2 c6 5. 0-0 e6 6. b3 Nbd7 7. Bb2 a5 8. Nbd2 a4 9. c4 Qa5 10. a3 axb3 11. Qxb3 Qa4 12. Qxa4 Rxa4 13. c5 h6 14. Rfc1 Be7 15. Ne1 0-0 16. f3 Bg6 17. e3 Rb8 18. Bf1 b6 19. cxb6 Rxb6 20. Ra2 c5 21. dxc5 Bxc5 22. Kf2 Rb8 23. Nd3 Bf8 24. Nb1 Ra7 25. Nc3 Rc7 26. Nf4 Bh7 27. Nb5 Rxc1 28. Bxc1 g5 29. Ng2 g4 30. f4 Nc5 31. Ne1 Nb3 32. Bb2 Bb1 33. Bxf6 Bxa2 34. Nc2 Nc5 35. Be5 Rb7 36. Nb4 Bc4 37. Nc7 Ne4+ 38. Kg1 Bxf1 39. Kxf1 Bxb4 40. axb4 f6 0-1

[Event "Wch U14 Girls"]
[Site "Al Ain"]
[Date "2013.12.28"]
[Round "11"]
[White "Savant, Riya"]
[Black "Unuk, Laura"]
[Result "1-0"]
[WhiteElo "1916"]
[BlackElo "2014"]
[PlyCount "169"]
[EventDate "2013.12.18"]
[EventType "swiss"]
[EventRounds "11"]
[EventCountry "UAE"]
[SourceTitle "CBM 158 Extra"]
[Source "ChessBase"]
[SourceDate "2014.02.28"]
[SourceVersion "1"]
[SourceVersionDate "2014.02.28"]
[SourceQuality "1"]

1. d4 g6 2. Nf3 Bg7 3. g3 d5 4. Bg2 Nf6 5. 0-0 0-0 6. b3 c5 7. Bb2 Ne4 8. Qc1 Qc7 9. dxc5 Qxc5 10. Bxg7 Kxg7 11. Qb2+ f6 12. e3 Nc6 13. Rd1 e5 14. c3 Be6 15. b4 Qe7 16. b5 Na5 17. Nbd2 Nd6 18. Qb4 Qc7 19. Rac1 Rfd8 20. Ne1 Rac8 21. Nd3 Qb6 22. a4 g5 23. Nb2 Kh8 24. Nb1 e4 25. Na3 Rc5 26. Bf1 Qc7 27. Rd2 Rc8 28. Rdc2 Nac4 29. Nbxc4 dxc4 30. Rd2 Nf7 31. Bg2 f5 32. Rcd1 Kg8 33. Qb1 Qe5 34. Rd4 Qf6 35. f4 exf3 36. Bxf3 Qe5 37. Qc1 R8c7 38. Nc2 g4 39. Bg2 Re7 40. Ne1 Bc8 41. Nc2 Ng5 42. Qd2 Kg7 43. Qe2 Be6 44. Qf2 Qf6 45. Qf4 Nf7 46. Nb4 Ne5 47. Rd6 Nf7 48. R6d4 h5 49. e4 Re5 50. Rf1 Ng5 51. Qd2 Qg6 52. exf5 Rxf5 53. Rdf4 Ref7 54. Qd4+ Kh7 55. Rxf5 Rxf5 56. Rxf5 Qxf5 57. Bxb7 Qb1+ 58. Kg2 Qb2+ 59. Qf2 Qxc3 60. Qc2+ Qxc2+ 61. Nxc2 c3 62. Nb4 Bb3 63. a5 c2 64. Nd3 Bc4 65. Nc1 Bxb5 66. Kf2 Kg7 67. Ke3 Kf6 68. Bd5 Ne6 69. Bb3 Nc5 70. Bxc2 Nb7 71. Nb3 a6 72. Bd3 Bxd3 73. Kxd3 h4 74. Kd4 hxg3 75. hxg3 Kf5 76. Kd5 Kf6 77. Kc6 Nxa5+ 78. Nxa5 Ke5 79. Nc4+ Ke4 80. Nd6+ Ke5 81. Ne8 Ke4 82. Nf6+ Kf5 83. Nh5 Kg5 84. Nf4 Kf5 85. Kb6 1-0

[Event "Wch U14 Girls"]
[Site "Al Ain"]
[Date "2013.12.24"]
[Round "8"]
[White "Savant, Riya"]
[Black "Yao, Lan"]
[Result "1-0"]
[WhiteElo "1916"]
[BlackElo "2009"]
[PlyCount "97"]
[EventDate "2013.12.18"]
[EventType "swiss"]
[EventRounds "11"]
[EventCountry "UAE"]
[SourceTitle "CBM 158 Extra"]
[Source "ChessBase"]
[SourceDate "2014.02.28"]
[SourceVersion "1"]
[SourceVersionDate "2014.02.28"]
[SourceQuality "1"]

1. d4 Nf6 2. g3 c6 3. Nf3 g6 4. Bg2 Bg7 5. 0-0 0-0 6. b3 d5 7. Bb2 Ne4 8. Nfd2 Nxd2 9. Nxd2 Bf5 10. c4 a5 11. Re1 Na6 12. a3 Qd7 13. e3 Nc5 14. Bc3 b5 15. e4 Nxe4 16. Nxe4 dxe4 17. Bxe4 Bxe4 18. Rxe4 bxc4 19. bxc4 c5 20. Qe1 cxd4 21. Rxe7 Qa4 22. Bd2 Rfc8 23. Qe4 Bf6 24. Rc7 Qe8 25. Qxe8+ Rxe8 26. Rb1 Re2 27. Bh6 Re7 28. Rbb7 Rxc7 29. Rxc7 Rd8 30. Rc5 d3 31. Bd2 h6 32. Rxa5 Bg5 33. f4 Bf6 34. Rd5 Bd4+ 35. Kg2 Rxd5 36. cxd5 f5 37. Kf3 Kf7 38. Be3 Bc3 39. Bc5 Bd2 40. Bb4 Bc1 41. a4 g5 42. a5 d2 43. Ke2 gxf4 44. gxf4 d1Q+ 45. Kxd1 Bxf4 46. a6 Be3 47. Ke2 Ba7 48. Kf3 Kf6 49. Bd2 1-0

[Event "Wch U14 Girls"]
[Site "Al Ain"]
[Date "2013.12.19"]
[Round "2"]
[White "Antonovich, Tatiana"]
[Black "Savant, Riya"]
[Result "1/2-1/2"]
[WhiteElo "1736"]
[BlackElo "1916"]
[PlyCount "127"]
[EventDate "2013.12.18"]
[EventType "swiss"]
[EventRounds "11"]
[EventCountry "UAE"]
[SourceTitle "CBM 158 Extra"]
[Source "ChessBase"]
[SourceDate "2014.02.28"]
[SourceVersion "1"]
[SourceVersionDate "2014.02.28"]
[SourceQuality "1"]

1. d4 d5 2. Nf3 Nf6 3. c4 e6 4. Nc3 Be7 5. Bf4 c6 6. e3 0-0 7. h3 b6 8. Qc2 Bb7 9. Rd1 Nbd7 10. Bd3 h6 11. 0-0 Nh5 12. Bh2 f5 13. cxd5 cxd5 14. Nb5 Rf6 15. Ne5 g6 16. Qc7 Qxc7 17. Nxc7 Rd8 18. Nxd7 Rxd7 19. Be5 Rf7 20. Nxe6 a6 21. g4 Nf6 22. gxf5 g5 23. f3 Bd6 24. Rc1 Ne8 25. Rc2 Nf6 26. Rfc1 Ne8 27. Kg2 Nf6 28. Bxd6 Rxd6 29. Rc7 Rdd7 30. Rxd7 Rxd7 31. Rc7 Rxc7 32. Nxc7 a5 33. Nb5 Ba6 34. Bf1 Bc8 35. Nd6 Bd7 36. Bb5 Kf8 37. Bxd7 Nxd7 38. Nb5 Ke7 39. Nc3 Nf6 40. e4 dxe4 41. fxe4 Kf7 42. e5 Ne8 43. Nd5 Ng7 44. Ne3 Nh5 45. Nd5 Ng7 46. e6+ Kf8 47. e7+ Kf7 48. f6 Ne8 49. Kf3 Ke6 50. Nxb6 Nxf6 51. Nc4 a4 52. Ne3 h5 53. b3 axb3 54. axb3 Kxe7 55. b4 Kd6 56. b5 Kc7 57. Nf5 Kb6 58. Nd6 Ka5 59. Nf7 g4+ 60. hxg4 hxg4+ 61. Kf4 Kxb5 62. Ne5 Kb4 63. Kf5 Kc3 64. Nxg4 1/2-1/2

[Event "Wch U20 Girls 31st"]
[Site "Kocaeli"]
[Date "2013.09.18"]
[Round "6"]
[White "Savant, Riya"]
[Black "Urbonaviciute, Zivile"]
[Result "1-0"]
[WhiteElo "1960"]
[BlackElo "1826"]
[PlyCount "67"]
[EventDate "2013.09.13"]
[EventType "swiss"]
[EventRounds "13"]
[EventCountry "TUR"]
[SourceTitle "CBM 156 Extra"]
[Source "ChessBase"]
[SourceDate "2013.10.22"]
[SourceVersion "1"]
[SourceVersionDate "2013.10.22"]
[SourceQuality "1"]

1. d4 d5 2. c4 c6 3. Nf3 Nf6 4. e3 Bf5 5. Nc3 e6 6. Qb3 Qb6 7. Nh4 Qxb3 8. axb3 Bc2 9. c5 Bxb3 10. Bd3 Be7 11. Nf3 Nbd7 12. Nd2 Bc4 13. Bxc4 dxc4 14. Nxc4 0-0 15. Na5 Rab8 16. b4 Rfc8 17. Nc4 Ra8 18. e4 b6 19. f4 Ne8 20. 0-0 Bf6 21. Be3 g6 22. Ra3 Bg7 23. Rfa1 bxc5 24. bxc5 Rc7 25. e5 f6 26. Ne4 Nb8 27. Nb6 axb6 28. Rxa8 Rb7 29. R1a7 Rxa7 30. Rxa7 bxc5 31. Ra8 cxd4 32. Rxb8 dxe3 33. Rxe8+ Kf7 34. Nd6# 1-0

[Event "Wch U20 Girls 31st"]
[Site "Kocaeli"]
[Date "2013.09.17"]
[Round "5"]
[White "Assaubayeva, Bibissara"]
[Black "Savant, Riya"]
[Result "1-0"]
[WhiteElo "1761"]
[BlackElo "1960"]
[PlyCount "59"]
[EventDate "2013.09.13"]
[EventType "swiss"]
[EventRounds "13"]
[EventCountry "TUR"]
[SourceTitle "CBM 156 Extra"]
[Source "ChessBase"]
[SourceDate "2013.10.22"]
[SourceVersion "1"]
[SourceVersionDate "2013.10.22"]
[SourceQuality "1"]

1. e4 c5 2. f4 g6 3. Nf3 Bg7 4. Nc3 d6 5. d4 cxd4 6. Nxd4 a6 7. Be3 Nc6 8. Qd2 Nf6 9. Be2 0-0 10. 0-0-0 Nxd4 11. Bxd4 b5 12. Bf3 b4 13. Nb1 Rb8 14. e5 dxe5 15. Bxe5 Qxd2+ 16. Nxd2 Rb5 17. Nb3 Ng4 18. Bxg7 Kxg7 19. Rde1 Nh6 20. Rxe7 Nf5 21. Rc7 Rb6 22. Re1 Rd8 23. Na5 Be6 24. Nc6 Rd6 25. g3 Kf8 26. Ne5 Nd4 27. Bg2 Nb5 28. Rc5 Rd4 29. Nc6 Rxc6 30. Rxc6 1-0

[Event "IND-ch U15 Girls 30th"]
[Site "Kolkata"]
[Date "2013.08.12"]
[Round "9"]
[White "Mahalakshmi, Muganda Kumar"]
[Black "Savant, Riya"]
[Result "0-1"]
[WhiteElo "2080"]
[BlackElo "1950"]
[PlyCount "104"]
[EventDate "2013.08.06"]
[EventType "swiss"]
[EventRounds "11"]
[EventCountry "IND"]
[SourceTitle "CBM 155 Extra"]
[Source "ChessBase"]
[SourceDate "2013.08.26"]
[SourceVersion "1"]
[SourceVersionDate "2013.08.26"]
[SourceQuality "1"]

1. d4 d5 2. c4 e6 3. Nc3 Nf6 4. cxd5 exd5 5. Bg5 Be7 6. e3 c6 7. Bd3 Nbd7 8. Qc2 Nh5 9. Bxe7 Qxe7 10. Nge2 g6 11. 0-0-0 Nb6 12. Kb1 Be6 13. Rc1 0-0-0 14. Na4 Nxa4 15. Qxa4 Kb8 16. Rc3 Bf5 17. Nc1 Ng7 18. Ka1 Bxd3 19. Nxd3 Nf5 20. Nb4 Nd6 21. Qxc6 Ne4 22. Rb3 bxc6 23. Nxc6+ Kc7 24. Nxe7 Kd6 25. Rb7 Rhe8 26. Nxd5 Kxd5 27. Rxf7 h5 28. f3 Nf2 29. Re1 Nd3 30. Re2 Rc8 31. a4 Rc1+ 32. Ka2 Rd1 33. Kb3 Rc8 34. Rc2 Nc1+ 35. Rxc1 Rdxc1 36. Rxa7 Rb8+ 37. Ka2 Rc2 38. Ra5+ Ke6 39. Rb5 Rxb5 40. axb5 Rxg2 41. Kb3 Kd5 42. e4+ Kd6 43. e5+ Kd5 44. Kc3 Rf2 45. b6 Rxf3+ 46. Kb4 Kc6 47. e6 Rf8 48. Kc4 Rb8 49. e7 Kd7 50. Kc5 g5 51. d5 g4 52. Kd4 Rxb6 0-1

[Event "IND-ch U15 Girls 30th"]
[Site "Kolkata"]
[Date "2013.08.11"]
[Round "8"]
[White "Savant, Riya"]
[Black "Ghosh, Samriddhaa"]
[Result "1-0"]
[WhiteElo "1950"]
[BlackElo "1556"]
[PlyCount "89"]
[EventDate "2013.08.06"]
[EventType "swiss"]
[EventRounds "11"]
[EventCountry "IND"]
[SourceTitle "CBM 155 Extra"]
[Source "ChessBase"]
[SourceDate "2013.08.26"]
[SourceVersion "1"]
[SourceVersionDate "2013.08.26"]
[SourceQuality "1"]

1. d4 d5 2. Nf3 Nf6 3. g3 e6 4. Bg2 Be7 5. 0-0 0-0 6. c4 dxc4 7. Qc2 a6 8. Qxc4 b5 9. Qc2 Bb7 10. Bd2 Nbd7 11. Ba5 Ra7 12. Nbd2 Qa8 13. b4 Bd5 14. Rfe1 Ne4 15. Bf1 Ndf6 16. Ne5 Nxd2 17. Qxd2 Ne4 18. Qc2 f6 19. Nd3 f5 20. f3 Bg5 21. e3 Nd6 22. Nc5 Nc4 23. Qd3 e5 24. e4 fxe4 25. fxe4 Bf7 26. d5 Be7 27. Qc3 Bg5 28. Bxc4 bxc4 29. Rf1 Qc8 30. Rf5 Bf6 31. Rd1 Bg6 32. Rff1 Bh5 33. Rc1 Bg5 34. Rxf8+ Qxf8 35. Ne6 Qe7 36. Rf1 Bf6 37. Qxc4 Be8 38. Nxc7 Bd7 39. Nxa6 Rb7 40. d6+ Qe6 41. Qxe6+ Bxe6 42. Nc5 Bh3 43. Nxb7 Bxf1 44. Kxf1 Kf8 45. d7 1-0

[Event "IND-ch U15 Girls 30th"]
[Site "Kolkata"]
[Date "2013.08.07"]
[Round "3"]
[White "Bhagya, Jayesh"]
[Black "Savant, Riya"]
[Result "0-1"]
[WhiteElo "1702"]
[BlackElo "1950"]
[PlyCount "54"]
[EventDate "2013.08.06"]
[EventType "swiss"]
[EventRounds "11"]
[EventCountry "IND"]
[SourceTitle "CBM 155 Extra"]
[Source "ChessBase"]
[SourceDate "2013.08.26"]
[SourceVersion "1"]
[SourceVersionDate "2013.08.26"]
[SourceQuality "1"]

1. e4 c5 2. Nf3 g6 3. d4 cxd4 4. Qxd4 Nf6 5. e5 Nc6 6. Qa4 Nd5 7. Qe4 Nc7 8. Bd3 Bg7 9. Nc3 0-0 10. h4 d5 11. Qe2 Bg4 12. h5 Nxe5 13. Bf4 Nxd3+ 14. Qxd3 Bf5 15. Qd2 d4 16. Ne2 Ne6 17. Bh6 d3 18. Bxg7 Nxg7 19. Ned4 dxc2 20. Qh6 Qa5+ 21. Kf1 gxh5 22. Ng5 Rfd8 23. Rxh5 Rxd4 24. g4 Bd3+ 25. Kg2 Nxh5 26. Qxh5 Bg6 27. Qh4 Rd1 0-1